000
00288nam a22001337a 4500
008
170524b xxu||||| |||| 00| 0 eng d
020
_a
9780471189640
041
_a
eng
080
_a
62
100
_a
26
101
_a
IM
245
_a
SOFTWARE ENGINEERING
_c
PETERS,J.F
942
_2
udc
_c
BK
999
_c
13971
_d
13971